[Event "Niedersachsen-ch"]
[Site "Verden"]
[Date "2006.01.05"]
[Round "1"]
[White "Schaar, Andreas"]
[Black "Spiegelberg, Johannes"]
[Result "1-0"]
[WhiteElo "2090"]
[BlackElo "1537"]
[PlyCount "23"]
[EventDate "2006.01.??"]
[EventType "swiss"]
[EventRounds "7"]
[EventCountry "GER"]
[SourceTitle "CBM 110 Extra"]
[Source "ChessBase"]
[SourceDate "2006.03.10"]
[SourceVersion "2"]
[SourceVersionDate "2006.03.10"]
[SourceQuality "1"]

1. d4 d5 2. c4 dxc4 3. e4 e5 4. Nf3 exd4 5. Bxc4 Bg4 6. Bxf7+ Kxf7 7. Ne5+ Ke8 8. Qxg4 g6 9. Qe6+ Qe7 10. Qc8+ Qd8 11. Qxd8+ Kxd8 12. Nf7+ 1-0